000 00698nam a22001817a 4500
003 UA-OsUOA
001 15780
007 ta
008 20031208b un ||||| |||| 00| 0 ukr d
100 _aАтаменко А.
942 _cSA
040 _aUA-OsUOA
_cUA-OsUOA
_dUA-OsUOA
245 _aУнікальні видання - "Острозькій академії"
_b[Передав Всеукр. благод. фонд "Громадська енергія" від імені канад. ін-ту укр. студій]
300 _aС.2
955 _a0
773 0 _w0
_tВісті Рівненщини
_dРівне
_d2003
_g№96/97/21 листоп./
650 7 _aАкадемії
_2UDC
999 _c301945
_d301945